[Event "Madrid-ch 2018-2019 - Previa A"]
[Site "Madrid ESP"]
[Date "2019.02.12"]
[Round "6.32"]
[White "Martinez Pintor, Juan"]
[Black "Santos Rodriguez, Jose"]
[Result "1-0"]
[WhiteElo "1604"]
[BlackElo "1552"]
[PlyCount "61"]
[EventDate "2019.02.04"]
[EventType "swiss"]
[EventRounds "9"]
[EventCountry "ESP"]
[SourceTitle "Ajedrez en Madrid"]
[Source "lmi"]
[SourceDate "2019.02.04"]
[SourceVersion "1"]
[SourceVersionDate "2019.02.22"]
[SourceQuality "1"]

1. d4 Nf6 2. c4 e6 3. Nc3 Bb4 4. e3 b6 5. Bd3 Bb7 6. Nf3 Ne4 7. Qc2 f5 8. O-O
Bxc3 9. bxc3 O-O 10. a4 a5 11. Ba3 d6 12. Nd2 Nxd2 13. Qxd2 Nd7 14. Rab1 Rb8
15. Rb5 Ba6 16. Rb2 Qg5 17. f4 Qd8 18. Rfb1 c5 19. Qe2 Qc7 20. e4 d5 21. e5
Rfe8 22. cxd5 Bxd3 23. Qxd3 exd5 24. Qxf5 Nf8 25. dxc5 Ne6 26. Rxb6 Rxb6 27.
cxb6 Qxc3 28. Bd6 Qe3+ 29. Kh1 Nd4 30. Qh5 Qe4 31. Qxe8# 1-0

[Event "Madrid-ch 2018-2019 - Previa A"]
[Site "Madrid ESP"]
[Date "2019.02.12"]
[Round "6.34"]
[White "Diaz Del Prado, Carlos"]
[Black "Marcelo De La Mata, Daniel"]
[Result "0-1"]
[WhiteElo "1308"]
[BlackElo "1649"]
[PlyCount "112"]
[EventDate "2019.02.04"]
[EventType "swiss"]
[EventRounds "9"]
[EventCountry "ESP"]
[SourceTitle "Ajedrez en Madrid"]
[Source "lmi"]
[SourceDate "2019.02.04"]
[SourceVersion "1"]
[SourceVersionDate "2019.02.22"]
[SourceQuality "1"]

1. b3 Nf6 2. Bb2 c5 3. e3 e6 4. c4 Nc6 5. Nf3 Be7 6. Be2 O-O 7. O-O b6 8. d4
cxd4 9. Nxd4 Bb7 10. Nxc6 dxc6 11. Nd2 Qc7 12. Nf3 Rad8 13. Qc2 c5 14. Be5 Qc8
15. Rad1 Be4 16. Qc1 Nd7 17. Bd6 Rfe8 18. Ne5 Bf6 19. Nxd7 Rxd7 20. Bg3 Red8
21. Rxd7 Rxd7 22. Rd1 Qd8 23. Rxd7 Qxd7 24. Qd1 Qxd1+ 25. Bxd1 e5 26. a3 Kf8
27. Kf1 Ke7 28. f3 Bc6 29. e4 Ke6 30. Ke2 Bg5 31. a4 g6 32. Be1 Bc1 33. Bd2 Bb2
34. Kd3 f5 35. b4 cxb4 36. Bxb4 a5 37. Bd2 Kd6 38. Be3 Kc7 39. g3 fxe4+ 40.
fxe4 Bd7 41. Kc2 Ba3 42. Kc3 Kc6 43. Kb3 Bc5 44. Bxc5 Kxc5 45. Kc3 Bh3 46. Be2
Bg2 47. Bd3 Bf3 48. Bc2 Be2 49. Bb3 g5 50. h4 gxh4 51. gxh4 h5 52. Ba2 Bd1 53.
Bb1 Bxa4 54. Bd3 Bd1 55. Bb1 a4 56. Ba2 Be2 0-1

[Event "Madrid-ch 2018-2019 - Previa A"]
[Site "Madrid ESP"]
[Date "2019.02.12"]
[Round "6.35"]
[White "De Juan Rivas, Antonio"]
[Black "Suarez Mencia, Roberto"]
[Result "1-0"]
[WhiteElo "1541"]
[BlackElo "1388"]
[PlyCount "73"]
[EventDate "2019.02.04"]
[EventType "swiss"]
[EventRounds "9"]
[EventCountry "ESP"]
[SourceTitle "Ajedrez en Madrid"]
[Source "lmi"]
[SourceDate "2019.02.04"]
[SourceVersion "1"]
[SourceVersionDate "2019.02.22"]
[SourceQuality "1"]

1. d4 Nf6 2. Bf4 d6 3. e3 Nbd7 4. Nf3 g6 5. Be2 Bg7 6. Nbd2 c6 7. c3 O-O 8. O-O
Re8 9. Qb3 d5 10. Ne5 Nxe5 11. Bxe5 Nd7 12. Bxg7 Kxg7 13. e4 e6 14. e5 Rh8 15.
f4 h5 16. Nf3 h4 17. Ng5 Nf8 18. c4 Nh7 19. Nh3 a6 20. Qf3 b5 21. cxd5 cxd5 22.
Rac1 Qb6 23. Rc5 Nf8 24. Qc3 Nd7 25. Rc6 Qd8 26. Ng5 Qe7 27. Rc1 Bb7 28. Rc7
Rac8 29. Qe3 Rb8 30. Bg4 Rhc8 31. Qh3 Rh8 32. Nxf7 Rhf8 33. Bxe6 Bc8 34. Bxd7
Rxf7 35. Bxc8 Qb4 36. Rxf7+ Kxf7 37. Qe6+ 1-0

[Event "Madrid-ch 2018-2019 - Previa A"]
[Site "Madrid ESP"]
[Date "2019.02.12"]
[Round "6.36"]
[White "Olmos Rodriguez, Arcadio"]
[Black "Abad Martin-Camuñas, Luis"]
[Result "1-0"]
[WhiteElo "1378"]
[BlackElo "1373"]
[PlyCount "121"]
[EventDate "2019.02.04"]
[EventType "swiss"]
[EventRounds "9"]
[EventCountry "ESP"]
[SourceTitle "Ajedrez en Madrid"]
[Source "lmi"]
[SourceDate "2019.02.04"]
[SourceVersion "1"]
[SourceVersionDate "2019.02.22"]
[SourceQuality "1"]

1. c4 e6 2. g3 Nf6 3. Bg2 c6 4. Nc3 Bc5 5. e3 d5 6. d4 Bb4 7. cxd5 cxd5 8. Nge2
Nc6 9. a3 Bxc3+ 10. Nxc3 O-O 11. O-O Bd7 12. b4 a6 13. Bb2 Na7 14. a4 b5 15. e4
dxe4 16. Nxe4 Nxe4 17. Bxe4 Bc6 18. Bxc6 Nxc6 19. Qg4 Qf6 20. axb5 axb5 21.
Rxa8 Rxa8 22. Qe4 Ra6 23. Ra1 Rxa1+ 24. Bxa1 Nd8 25. Qa8 Qe7 26. Qb8 Qd7 27. g4
h6 28. h4 Kh7 29. g5 hxg5 30. hxg5 Qe7 31. Qxb5 Qc7 32. Qc5 Qf4 33. Kf1 Qf3 34.
Qc3 Qh1+ 35. Ke2 Qh5+ 36. Kd3 Qxg5 37. Kc4 Qd5+ 38. Kd3 f6 39. Ke3 Nc6 40. Qc5
Qd7 41. b5 Nd8 42. d5 exd5 43. Bc3 Nb7 44. Qc6 Qxc6 45. bxc6 Nd6 46. c7 Kg8 47.
Kd4 Kf7 48. Kxd5 Nc8 49. Kc6 Ke8 50. Bb4 g6 51. Kb7 Kd7 52. Bf8 f5 53. f4 g5
54. fxg5 f4 55. g6 f3 56. g7 f2 57. g8=Q f1=Q 58. Qg4+ Ke8 59. Qxc8+ Kf7 60.
Qd7+ Kxf8 61. c8=Q# 1-0

[Event "Madrid-ch 2018-2019 - Previa A"]
[Site "Madrid ESP"]
[Date "2019.02.15"]
[Round "7.1"]
[White "Cabañas Bravo, Juan Andres"]
[Black "Bello Burguet, Glenier Lazaro"]
[Result "1-0"]
[WhiteElo "1916"]
[BlackElo "1934"]
[PlyCount "89"]
[EventDate "2019.02.04"]
[EventType "swiss"]
[EventRounds "9"]
[EventCountry "ESP"]
[SourceTitle "Ajedrez en Madrid"]
[Source "lmi"]
[SourceDate "2019.02.04"]
[SourceVersion "1"]
[SourceVersionDate "2019.02.22"]
[SourceQuality "1"]

1. e4 e5 2. f4 exf4 3. Nf3 d6 4. Bc4 Be7 5. O-O Nh6 6. d4 g5 7. h4 Bg4 8. hxg5
Bxg5 9. Nc3 Nd7 10. Ne2 Bxf3 11. Rxf3 Nb6 12. Bb3 Qe7 13. Qd3 O-O-O 14. Nxf4
Rde8 15. Nd5 Nxd5 16. Bxg5 Qxg5 17. Bxd5 Rhg8 18. g3 c6 19. Qc3 Re7 20. Raf1
Rc7 21. Bxf7 Nxf7 22. Rxf7 Qxg3+ 23. Qxg3 Rxg3+ 24. Kh2 Rxf7 25. Rxf7 Re3 26.
Re7 Re2+ 27. Kg3 Rxc2 28. Kf4 Rxb2 29. Rxh7 Rb4 30. Ke3 Ra4 31. Rh6 Kd7 32.
Rh7+ Kc8 33. Rh6 d5 34. e5 Ra3+ 35. Kf4 Rd3 36. Kf5 Rxd4 37. Rh7 c5 38. Ke6 c4
39. Kd6 b5 40. e6 b4 41. e7 Re4 42. Kxd5 Re2 43. Kd6 b3 44. axb3 cxb3 45. Rh3
1-0

[Event "Madrid-ch 2018-2019 - Previa A"]
[Site "Madrid ESP"]
[Date "2019.02.15"]
[Round "7.2"]
[White "Gueler Berdasco, Martin"]
[Black "Estevez Sacristan, Deva"]
[Result "0-1"]
[WhiteElo "1904"]
[BlackElo "1952"]
[PlyCount "76"]
[EventDate "2019.02.04"]
[EventType "swiss"]
[EventRounds "9"]
[EventCountry "ESP"]
[SourceTitle "Ajedrez en Madrid"]
[Source "lmi"]
[SourceDate "2019.02.04"]
[SourceVersion "1"]
[SourceVersionDate "2019.02.22"]
[SourceQuality "1"]

1. c4 e6 2. g3 d5 3. Bg2 c6 4. d4 dxc4 5. Nf3 Nf6 6. Ne5 Bb4+ 7. Nc3 Nd5 8. Bd2
b5 9. O-O O-O 10. a4 Bxc3 11. bxc3 f6 12. Nf3 Bb7 13. e4 Nb6 14. axb5 cxb5 15.
Qc2 N8d7 16. Bf4 Qe7 17. Bc1 a5 18. Be3 b4 19. Nd2 b3 20. Qb2 a4 21. Nb1 f5 22.
f3 fxe4 23. fxe4 Rxf1+ 24. Kxf1 Rf8+ 25. Kg1 e5 26. d5 Rc8 27. Bf1 Qd6 28. Na3
Ba6 29. Re1 Nc5 30. Bc1 Nd3 31. Bxd3 cxd3 32. Qa1 Nc4 33. Nxc4 Bxc4 34. Ba3
Qb6+ 35. Kg2 d2 36. Rf1 Bxf1+ 37. Qxf1 b2 38. Qb1 d1=Q 0-1

[Event "Madrid-ch 2018-2019 - Previa A"]
[Site "Madrid ESP"]
[Date "2019.02.15"]
[Round "7.4"]
[White "Ruiz Quevedo, Andres"]
[Black "Vazquez Gonzalez, Francisco"]
[Result "1/2-1/2"]
[WhiteElo "1896"]
[BlackElo "1931"]
[PlyCount "64"]
[EventDate "2019.02.04"]
[EventType "swiss"]
[EventRounds "9"]
[EventCountry "ESP"]
[SourceTitle "Ajedrez en Madrid"]
[Source "lmi"]
[SourceDate "2019.02.04"]
[SourceVersion "1"]
[SourceVersionDate "2019.02.22"]
[SourceQuality "1"]

1. g3 d6 2. Bg2 e5 3. c4 f5 4. Nc3 Nf6 5. e3 c6 6. d4 e4 7. Nge2 Na6 8. O-O Be7
9. f3 exf3 10. Bxf3 O-O 11. Nf4 Nc7 12. e4 fxe4 13. Nxe4 Nxe4 14. Bxe4 Bf5 15.
Bg2 Qd7 16. Be3 Rae8 17. Qd2 Bf6 18. Rad1 Be4 19. Bh3 Qe7 20. Bf2 Bg5 21. Be3
Bf5 22. Bxf5 Rxf5 23. Rfe1 Qf7 24. b3 Rf8 25. Qb4 Ne8 26. Qd2 Nf6 27. Ne6 Ne4
28. Qg2 Qxe6 29. Bxg5 d5 30. Be3 Qf7 31. cxd5 cxd5 32. Rf1 Rxf1+ 1/2-1/2

[Event "Madrid-ch 2018-2019 - Previa A"]
[Site "Madrid ESP"]
[Date "2019.02.15"]
[Round "7.5"]
[White "Cano Mercado, Francisco Manuel"]
[Black "Lopez Heras, Arturo"]
[Result "0-1"]
[WhiteElo "1739"]
[BlackElo "1868"]
[PlyCount "120"]
[EventDate "2019.02.04"]
[EventType "swiss"]
[EventRounds "9"]
[EventCountry "ESP"]
[SourceTitle "Ajedrez en Madrid"]
[Source "lmi"]
[SourceDate "2019.02.04"]
[SourceVersion "1"]
[SourceVersionDate "2019.02.22"]
[SourceQuality "1"]

1. d4 d5 2. Bf4 Nf6 3. e3 c5 4. c3 Nc6 5. Nd2 Qb6 6. Qb3 c4 7. Qxb6 axb6 8.
Ngf3 Bf5 9. Be2 e6 10. O-O Be7 11. Ne5 Nxe5 12. dxe5 Nd7 13. e4 dxe4 14. Nxc4
O-O 15. Rfd1 Nc5 16. Nxb6 Rad8 17. Nc4 Nd3 18. Bxd3 exd3 19. Be3 Rd5 20. Bd4
Bg5 21. g3 Bg4 22. f4 Bxd1 23. Rxd1 Be7 24. Rxd3 Rfd8 25. Kf2 Bc5 26. Ke3 b5
27. Nd2 b4 28. Nb3 Be7 29. Rd1 Ra8 30. c4 Rdd8 31. Nc1 Bc5 32. Ke4 Rd7 33. b3
Rad8 34. Ne2 f6 35. Ke3 Kf7 36. Ke4 f5+ 37. Ke3 Kg6 38. Rd2 Kh5 39. h3 h6 40.
Rd1 g5 41. Rd2 Kg6 42. Rd1 Kf7 43. Rd2 gxf4+ 44. gxf4 Be7 45. Ng1 Rg8 46. Nf3
Rdd8 47. Rh2 Rg3 48. Bb6 Rdg8 49. Kf2 R3g7 50. c5 Rc8 51. Nd2 Bxc5+ 52. Bxc5
Rxc5 53. Nc4 Rg8 54. Ke3 Rg3+ 55. Kf2 Rc3 56. Rg2 Rc2+ 57. Kf3 Rxg2 58. Kxg2
Rc6 59. Kf3 Ra6 60. Nd2 Rxa2 0-1

[Event "Madrid-ch 2018-2019 - Previa A"]
[Site "Madrid ESP"]
[Date "2019.02.15"]
[Round "7.6"]
[White "Camarero Izquierdo, Juan Carlos"]
[Black "Rodriguez Garcia, Alberto"]
[Result "0-1"]
[WhiteElo "1867"]
[BlackElo "1792"]
[PlyCount "110"]
[EventDate "2019.02.04"]
[EventType "swiss"]
[EventRounds "9"]
[EventCountry "ESP"]
[SourceTitle "Ajedrez en Madrid"]
[Source "lmi"]
[SourceDate "2019.02.04"]
[SourceVersion "1"]
[SourceVersionDate "2019.02.22"]
[SourceQuality "1"]

1. d4 Nf6 2. Nc3 d5 3. Bg5 c5 4. dxc5 d4 5. Bxf6 exf6 6. Ne4 Bf5 7. Nd6+ Bxd6
8. cxd6 Qb6 9. b3 Nc6 10. Nf3 Nb4 11. d7+ Kd8 12. Rc1 Nxa2 13. Ra1 Nb4 14. Rc1
Nc6 15. g3 Bxd7 16. Bg2 Qb4+ 17. Nd2 Re8 18. O-O Ke7 19. Nc4 Rad8 20. Qd3 g6
21. Qe4+ Kf8 22. Qh4 Kg7 23. e4 Ne5 24. Nxe5 fxe5 25. f4 Qe7 26. Qxe7 Rxe7 27.
f5 f6 28. g4 g5 29. h4 h6 30. Kf2 Bb5 31. Rh1 Rc7 32. Ke1 d3 33. Kf2 d2 34.
Rcd1 Rxc2 35. hxg5 hxg5 36. Rh3 Rc1 37. Rhh1 Rc3 38. Rh3 Rxh3 39. Bxh3 a5 40.
Bf1 Bxf1 41. Kxf1 Kf7 42. Ke2 Ke7 43. Rxd2 Rxd2+ 44. Kxd2 Kd6 45. Kd3 Kc5 46.
Kc3 b6 47. Kd3 Kb4 48. Kc2 a4 49. bxa4 Kxa4 50. Kc3 b5 51. Kd3 Kb3 52. Kd2 Kc4
53. Kc2 Kd4 54. Kb3 Kxe4 55. Kb4 Kf4 0-1

[Event "Madrid-ch 2018-2019 - Previa A"]
[Site "Madrid ESP"]
[Date "2019.02.15"]
[Round "7.7"]
[White "Garcia Galeote, Lorenzo"]
[Black "Garcia Sanz, Eduardo"]
[Result "1-0"]
[WhiteElo "1855"]
[BlackElo "1775"]
[PlyCount "87"]
[EventDate "2019.02.04"]
[EventType "swiss"]
[EventRounds "9"]
[EventCountry "ESP"]
[SourceTitle "Ajedrez en Madrid"]
[Source "lmi"]
[SourceDate "2019.02.04"]
[SourceVersion "1"]
[SourceVersionDate "2019.02.22"]
[SourceQuality "1"]

1. d4 d5 2. Nf3 e6 3. e3 c5 4. Bd3 c4 5. Be2 Nf6 6. O-O Nbd7 7. b3 b5 8. a4 Qa5
9. Bb2 Ba6 10. axb5 Qxb5 11. bxc4 dxc4 12. Nbd2 Rc8 13. Ba3 Nd5 14. Bxf8 Nc3
15. Qe1 Nxe2+ 16. Qxe2 Kxf8 17. Rfb1 Qc6 18. c3 Ke7 19. Rb4 Rb8 20. Rba4 Rb6
21. e4 Rc8 22. h3 Kf8 23. e5 Rcb8 24. Kh2 f5 25. exf6 gxf6 26. Qe3 Kg7 27. Ra5
Qd6+ 28. Kg1 Kh8 29. Qh6 Bb7 30. Rh5 Qe7 31. Rxa7 Rg8 32. Qe3 Qg7 33. g3 Bd5
34. Rh4 Rb2 35. Ne4 Rd8 36. Nc5 Rb6 37. Rc7 Rd6 38. Ne4 Rc6 39. Ra7 Qg6 40. Rg4
Qh5 41. Rxd7 Rxd7 42. Nxf6 Qf7 43. Nxd7 Qxd7 44. Qe5+ 1-0

[Event "Madrid-ch 2018-2019 - Previa A"]
[Site "Madrid ESP"]
[Date "2019.02.15"]
[Round "7.9"]
[White "Rueda Maria, Ramiro"]
[Black "Fernandez Garcia, Ignacio"]
[Result "1-0"]
[WhiteElo "1820"]
[BlackElo "1744"]
[PlyCount "119"]
[EventDate "2019.02.04"]
[EventType "swiss"]
[EventRounds "9"]
[EventCountry "ESP"]
[SourceTitle "Ajedrez en Madrid"]
[Source "lmi"]
[SourceDate "2019.02.04"]
[SourceVersion "1"]
[SourceVersionDate "2019.02.22"]
[SourceQuality "1"]

1. c4 Nf6 2. Nc3 e5 3. Nf3 Nc6 4. g3 Be7 5. Bg2 d5 6. cxd5 Nxd5 7. d3 Be6 8.
O-O Bf6 9. Ne4 Be7 10. Bd2 Nf6 11. Nxf6+ Bxf6 12. a3 O-O 13. Bc3 Qd7 14. Rc1
Rfe8 15. Nd2 Bh3 16. Ne4 Be7 17. Qb3 Bxg2 18. Kxg2 Kh8 19. Qxf7 Rf8 20. Qc4 Qg4
21. Rc2 Rad8 22. Nd6 Qxc4 23. Nxc4 Bf6 24. Nd2 Be7 25. Ne4 Rd7 26. Rfc1 Rfd8
27. Kf1 Kg8 28. Bd2 h6 29. Be3 Kf7 30. h4 Ke6 31. f3 Rg8 32. h5 Bd6 33. g4 a6
34. Nc5+ Bxc5 35. Rxc5 g6 36. hxg6 Rxg6 37. Ke1 Kd6 38. Kd2 Nd8 39. Rh1 Ne6 40.
Rcc1 Rh7 41. Rh2 c5 42. Rch1 Nf4 43. Bxf4 exf4 44. e3 fxe3+ 45. Kxe3 Kd5 46.
Rh5+ Kd6 47. f4 Rxg4 48. Rxh6+ Rxh6 49. Rxh6+ Kd5 50. Rh5+ Kd6 51. Ke4 Rg6 52.
Rd5+ Kc6 53. Rg5 Re6+ 54. Re5 Rh6 55. f5 Rh4+ 56. Kf3 Rh3+ 57. Kf4 Rxd3 58. f6
Rd2 59. Rf5 Kd6 60. Ke3 1-0

[Event "Madrid-ch 2018-2019 - Previa A"]
[Site "Madrid ESP"]
[Date "2019.02.15"]
[Round "7.10"]
[White "Valencia De Loma, Sergio"]
[Black "Esteban Amo, Jose M"]
[Result "1/2-1/2"]
[WhiteElo "1757"]
[BlackElo "1918"]
[PlyCount "78"]
[EventDate "2019.02.04"]
[EventType "swiss"]
[EventRounds "9"]
[EventCountry "ESP"]
[SourceTitle "Ajedrez en Madrid"]
[Source "lmi"]
[SourceDate "2019.02.04"]
[SourceVersion "1"]
[SourceVersionDate "2019.02.22"]
[SourceQuality "1"]

1. e4 c5 2. d4 cxd4 3. c3 d3 4. Bxd3 Nc6 5. Nf3 d6 6. h3 g6 7. Be3 Bg7 8. Qd2
Nf6 9. Na3 a6 10. Nc2 O-O 11. Nh2 d5 12. Ng4 dxe4 13. Nxf6+ Bxf6 14. Bxe4 Qxd2+
15. Bxd2 Bd7 16. O-O-O Rfd8 17. h4 Be6 18. Bxc6 bxc6 19. b3 a5 20. c4 a4 21.
Bg5 Bxg5+ 22. hxg5 Rdb8 23. Rh6 Kg7 24. Rdh1 Rh8 25. Nd4 Bd7 26. Kb2 axb3 27.
axb3 c5 28. Nc2 Rab8 29. Kc3 f6 30. f4 fxg5 31. fxg5 Bf5 32. Ne3 e6 33. Nxf5+
exf5 34. Rd1 Rhd8 35. Ra1 Rb7 36. Rah1 Kg8 37. Re1 Rdb8 38. Rb1 Re8 39. Rd1
Rbb8 1/2-1/2

[Event "Madrid-ch 2018-2019 - Previa A"]
[Site "Madrid ESP"]
[Date "2019.02.15"]
[Round "7.11"]
[White "Vazquez Gonzalez, Jesus"]
[Black "Villodre Miranda, Juan Alonso"]
[Result "1-0"]
[WhiteElo "1916"]
[BlackElo "1603"]
[PlyCount "88"]
[EventDate "2019.02.04"]
[EventType "swiss"]
[EventRounds "9"]
[EventCountry "ESP"]
[SourceTitle "Ajedrez en Madrid"]
[Source "lmi"]
[SourceDate "2019.02.04"]
[SourceVersion "1"]
[SourceVersionDate "2019.02.22"]
[SourceQuality "1"]

1. e4 g6 2. d4 Bg7 3. Nc3 e6 4. Nf3 h6 5. Bd3 Ne7 6. O-O d5 7. Re1 O-O 8. Bf4
dxe4 9. Nxe4 b6 10. Qd2 Kh7 11. Rad1 Nd5 12. c4 Nxf4 13. Qxf4 Bb7 14. h4 f5 15.
Neg5+ hxg5 16. Nxg5+ Kg8 17. Nxe6 Qd7 18. Nxf8 Bxf8 19. h5 Qf7 20. d5 Bd6 21.
Qg5 Nd7 22. hxg6 Qg7 23. Bxf5 Ne5 24. f4 Bc5+ 25. Kf1 Nxc4 26. Be6+ Kf8 27.
Qf5+ Ke7 28. Bd7+ Ne3+ 29. Rxe3+ Bxe3 30. Qe6+ Kf8 31. Re1 Ba6+ 32. Re2 Bxe2+
33. Kxe2 Bd4 34. Qf5+ Qf6 35. Qh5 Qe7+ 36. Be6 Rd8 37. Qh6+ Qg7 38. Qg5 Bf6 39.
Qf5 Ke7 40. g4 Rf8 41. Bf7 Kd6 42. Qe6+ Kc5 43. Qc6+ Kd4 44. Qc3+ Ke4 1-0

[Event "Madrid-ch 2018-2019 - Previa A"]
[Site "Madrid ESP"]
[Date "2019.02.15"]
[Round "7.13"]
[White "Roldan Garcia, Angel"]
[Black "Barahona Torrijos, Angel"]
[Result "0-1"]
[WhiteElo "1794"]
[BlackElo "1714"]
[PlyCount "82"]
[EventDate "2019.02.04"]
[EventType "swiss"]
[EventRounds "9"]
[EventCountry "ESP"]
[SourceTitle "Ajedrez en Madrid"]
[Source "lmi"]
[SourceDate "2019.02.04"]
[SourceVersion "1"]
[SourceVersionDate "2019.02.22"]
[SourceQuality "1"]

1. e4 e5 2. Nf3 Nc6 3. Bb5 a6 4. Ba4 Nf6 5. O-O Be7 6. Re1 b5 7. Bb3 Bb7 8. d3
O-O 9. a4 d5 10. axb5 axb5 11. Rxa8 Bxa8 12. exd5 Nxd5 13. Nxe5 Nd4 14. c4 Nb4
15. cxb5 Bg5 16. Nc6 Nbxc6 17. bxc6 Bxc1 18. Bxf7+ Rxf7 19. Qxc1 Bxc6 20. Qc4
Qd5 21. Qxd5 Bxd5 22. Re8+ Rf8 23. Re7 c6 24. Nc3 Rb8 25. Nd1 Kf8 26. Ra7 Re8
27. Kf1 Nc2 28. Ne3 Nxe3+ 29. fxe3 Rxe3 30. Ra3 Kf7 31. Kf2 Re7 32. Ra4 Rb7 33.
Rf4+ Ke6 34. Rh4 Rxb2+ 35. Ke3 h6 36. g3 c5 37. h3 Rb4 38. Rh5 Rb7 39. g4 Rf7
40. h4 Rf3+ 41. Ke2 Rg3 0-1

[Event "Madrid-ch 2018-2019 - Previa A"]
[Site "Madrid ESP"]
[Date "2019.02.15"]
[Round "7.14"]
[White "De La Fuente Ebro, Miguel"]
[Black "Andrade Sandoval, Bianca"]
[Result "0-1"]
[WhiteElo "1689"]
[BlackElo "1981"]
[PlyCount "44"]
[EventDate "2019.02.04"]
[EventType "swiss"]
[EventRounds "9"]
[EventCountry "ESP"]
[SourceTitle "Ajedrez en Madrid"]
[Source "lmi"]
[SourceDate "2019.02.04"]
[SourceVersion "1"]
[SourceVersionDate "2019.02.22"]
[SourceQuality "1"]

1. d4 d5 2. c4 e6 3. Nc3 Nf6 4. e3 c6 5. Nf3 Bd6 6. Bd3 Nbd7 7. O-O dxc4 8.
Bxc4 b5 9. Bd3 Bb7 10. Bd2 a6 11. Rc1 c5 12. dxc5 Nxc5 13. Be2 O-O 14. b4 Nce4
15. Nxe4 Nxe4 16. a3 Qf6 17. Nd4 Rad8 18. f4 e5 19. fxe5 Qxe5 20. Nf3 Qe6 21.
Nd4 Qh6 22. g3 Nxg3 0-1

[Event "Madrid-ch 2018-2019 - Previa A"]
[Site "Madrid ESP"]
[Date "2019.02.15"]
[Round "7.15"]
[White "Lopez de Turiso, Jose Angel"]
[Black "Lopez Orellana, Federico"]
[Result "1-0"]
[WhiteElo "1970"]
[BlackElo "1732"]
[PlyCount "87"]
[EventDate "2019.02.04"]
[EventType "swiss"]
[EventRounds "9"]
[EventCountry "ESP"]
[SourceTitle "Ajedrez en Madrid"]
[Source "lmi"]
[SourceDate "2019.02.04"]
[SourceVersion "1"]
[SourceVersionDate "2019.02.22"]
[SourceQuality "1"]

1. e4 e6 2. c4 d5 3. cxd5 exd5 4. exd5 Nf6 5. Bb5+ Nbd7 6. Nc3 Be7 7. Nf3 O-O
8. O-O Nb6 9. d4 Nbxd5 10. Re1 c6 11. Ba4 Bg4 12. h3 Bh5 13. g4 Bg6 14. Ne5
Nxc3 15. bxc3 Be4 16. Qe2 Bd5 17. Nxc6 bxc6 18. Qxe7 Qa5 19. Qb4 Qc7 20. c4
Rab8 21. Qc3 Be6 22. Bg5 Nd7 23. Bh4 Nb6 24. Bb3 Qd7 25. Rac1 h5 26. gxh5 Rbe8
27. Kh2 Kh8 28. Rg1 f6 29. Rg2 Qf7 30. h6 g5 31. Bxg5 fxg5 32. d5+ Qf6 33. dxe6
Rxe6 34. c5 Nd5 35. Bxd5 Qxc3 36. Rxc3 cxd5 37. f3 Kh7 38. Rxg5 Kxh6 39. Rxd5
Re2+ 40. Kg3 Rxa2 41. c6 Rg8+ 42. Kf4 Ra4+ 43. Ke5 Rc8 44. c7 1-0

[Event "Madrid-ch 2018-2019 - Previa A"]
[Site "Madrid ESP"]
[Date "2019.02.15"]
[Round "7.16"]
[White "Marivela Santos, Juan Carlos"]
[Black "Perez Agusti, Luis"]
[Result "0-1"]
[WhiteElo "1677"]
[BlackElo "1934"]
[PlyCount "106"]
[EventDate "2019.02.04"]
[EventType "swiss"]
[EventRounds "9"]
[EventCountry "ESP"]
[SourceTitle "Ajedrez en Madrid"]
[Source "lmi"]
[SourceDate "2019.02.04"]
[SourceVersion "1"]
[SourceVersionDate "2019.02.22"]
[SourceQuality "1"]

1. c4 Nf6 2. Nc3 g6 3. g3 d5 4. cxd5 Nxd5 5. Bg2 c6 6. Nxd5 cxd5 7. Qb3 e6 8.
Nf3 Bg7 9. O-O O-O 10. d4 Nc6 11. e3 Bd7 12. Bd2 Na5 13. Bxa5 Qxa5 14. Qxb7 Bb5
15. Rfc1 Bc4 16. b3 Rab8 17. Qe7 Rfe8 18. Qh4 Be2 19. Ne5 Bxe5 20. dxe5 Rbc8
21. Rxc8 Rxc8 22. Qd4 Rc2 23. a3 Qc7 24. h4 Rc3 25. b4 Ba6 26. f4 h5 27. Qd2
Rc2 28. Qd4 Rc4 29. Qd1 Qb6 30. Qd2 Qc7 31. Bf1 Rc2 32. Qd4 Rc1 33. b5 Bxb5 34.
Qb2 Rxa1 35. Qxa1 Bxf1 36. Kxf1 Qc2 37. Kg1 Qd2 38. Qd4 Qc1+ 39. Kf2 Qxa3 40.
Qd2 a5 41. Qc2 Qe7 42. Qc8+ Kg7 43. Qa8 Qc7 44. Qe8 Qa7 45. Qa4 Qc7 46. Qe8
Qc2+ 47. Kg1 Qc1+ 48. Kf2 Qd2+ 49. Kf1 Qxe3 50. Kg2 Qe2+ 51. Kh3 Qf1+ 52. Kh2
Qf2+ 53. Kh3 Qg1 0-1

[Event "Madrid-ch 2018-2019 - Previa A"]
[Site "Madrid ESP"]
[Date "2019.02.15"]
[Round "7.17"]
[White "Cumita Waschke, Fran"]
[Black "Fernandez Aransay, Fernando"]
[Result "1-0"]
[WhiteElo "1529"]
[BlackElo "1869"]
[PlyCount "75"]
[EventDate "2019.02.04"]
[EventType "swiss"]
[EventRounds "9"]
[EventCountry "ESP"]
[SourceTitle "Ajedrez en Madrid"]
[Source "lmi"]
[SourceDate "2019.02.04"]
[SourceVersion "1"]
[SourceVersionDate "2019.02.22"]
[SourceQuality "1"]

1. d4 Nf6 2. Nf3 g6 3. Bg5 Bg7 4. c3 d5 5. Nbd2 O-O 6. e3 Ne4 7. h4 Nxg5 8.
hxg5 Bf5 9. Nh4 Qd7 10. Be2 e5 11. g4 Be6 12. dxe5 Qc6 13. f4 d4 14. Bf3 Bd5
15. exd4 Nd7 16. f5 Nxe5 17. dxe5 Bxe5 18. Rh3 Rfe8 19. Kf2 Rad8 20. Qh1 Qb6+
21. Kg2 Bxa2 22. Qc1 Bf4 23. Kh1 Bxd2 24. Qc2 Bb3 25. Qb1 Re1+ 26. Qxe1 Bxe1
27. Rxe1 Qf2 28. Re5 Qf1+ 29. Kh2 gxf5 30. gxf5 Qf2+ 31. Ng2 c6 32. Re2 Qc5 33.
f6 Be6 34. Rh5 Qd6+ 35. Kh1 Qg3 36. Re3 Rd2 37. Be2 Rxe2 38. Rxg3 1-0

[Event "Madrid-ch 2018-2019 - Previa A"]
[Site "Madrid ESP"]
[Date "2019.02.15"]
[Round "7.18"]
[White "Garcia Diez, Mariano"]
[Black "Caamaño Jimenez, Luis"]
[Result "1-0"]
[WhiteElo "1863"]
[BlackElo "1709"]
[PlyCount "78"]
[EventDate "2019.02.04"]
[EventType "swiss"]
[EventRounds "9"]
[EventCountry "ESP"]
[SourceTitle "Ajedrez en Madrid"]
[Source "lmi"]
[SourceDate "2019.02.04"]
[SourceVersion "1"]
[SourceVersionDate "2019.02.22"]
[SourceQuality "1"]

1. Nf3 Nf6 2. d4 d6 3. c4 Nbd7 4. Nc3 g6 5. b3 Bg7 6. Bb2 O-O 7. e3 e5 8. Bd3
Re8 9. Qc2 exd4 10. Nxd4 Nc5 11. Be2 a5 12. O-O Ng4 13. h3 Ne5 14. f4 Ned3 15.
Bxd3 Rxe3 16. Nd5 Rxd3 17. Rae1 Bxd4+ 18. Bxd4 Rxd4 19. Re8+ Qxe8 20. Nf6+ Kf8
21. Nxe8 Kxe8 22. Re1+ Ne6 23. Qf2 Kf8 24. Rxe6 Rd1+ 25. Re1 Rxe1+ 26. Qxe1 Be6
27. Qc3 Kg8 28. g4 b6 29. Qf6 Re8 30. f5 gxf5 31. gxf5 Bd7 32. h4 Bc6 33. h5
Re4 34. h6 Rg4+ 35. Kf1 Kf8 36. Qd8+ Be8 37. Qxc7 Rf4+ 38. Ke2 Rxf5 39. Qxd6+
Kg8 1-0

[Event "Madrid-ch 2018-2019 - Previa A"]
[Site "Madrid ESP"]
[Date "2019.02.15"]
[Round "7.19"]
[White "Marcos Herrero, Francisco"]
[Black "Gortazar Rubial, Javier Maria"]
[Result "1-0"]
[WhiteElo "1837"]
[BlackElo "1601"]
[PlyCount "41"]
[EventDate "2019.02.04"]
[EventType "swiss"]
[EventRounds "9"]
[EventCountry "ESP"]
[SourceTitle "Ajedrez en Madrid"]
[Source "lmi"]
[SourceDate "2019.02.04"]
[SourceVersion "1"]
[SourceVersionDate "2019.02.22"]
[SourceQuality "1"]

1. c4 Nf6 2. Nf3 c6 3. g3 d5 4. b3 Bg4 5. Bg2 e6 6. O-O Nbd7 7. Bb2 Bd6 8. d4
O-O 9. Nc3 Qe7 10. Qc1 Rad8 11. Re1 Rfe8 12. e4 dxe4 13. Nxe4 Nxe4 14. Rxe4 Nf6
15. Re1 Bb4 16. Bc3 Bxc3 17. Qxc3 Rd6 18. Ne5 Bf5 19. c5 Nd5 20. cxd6 Qxd6 21.
Qc5 1-0